駅名に「港」を含む駅 - Statistics

General Stats
  • This quiz has been taken 163 times
  • The average score is 23 of 43
Answer Stats
Hint Answer % Correct
千葉県 成田空港
77%
大阪府 大阪港
76%
東京都 羽田空港第3ターミナル
76%
宮城県 仙台空港
74%
大阪府 関西空港
73%
和歌山県 和歌山港
73%
福岡県 福岡空港
73%
沖縄県 那覇空港
73%
北海道 新千歳空港
72%
愛知県 中部国際空港
72%
宮崎県 宮崎空港
72%
愛知県 名古屋港
71%
東京都 羽田空港第1ターミナル
71%
岩手県 花巻空港
70%
千葉県 空港第2ビル
69%
東京都 羽田空港第2ターミナル
69%
大阪府 大阪空港
68%
兵庫県 神戸空港
68%
東京都 羽田空港第1・第2ターミナル
68%
鳥取県 境港
62%
福井県 三国港
56%
神奈川県 港南台
55%
茨城県 大津港
54%
香川県 高松築港
54%
鳥取県 米子空港
53%
愛知県 東名古屋港
50%
広島県 広島港
47%
北海道 小樽築港
46%
神奈川県 港南中央
45%
神奈川県 港町
42%
山口県 柳井港
39%
愛知県 港北
38%
福岡県 門司港
35%
香川県 空港通り
34%
愛知県 高浜港
32%
愛媛県 郡中港
31%
愛知県 港区役所
28%
大阪府 南港東
28%
山口県 小野田港
28%
大阪府 南港口
27%
長崎県 島原港
24%
大阪府 深日港
23%
愛媛県 港山
14%
No matching quizzes found
Score Distribution
Percent of People with Each Score
Percentile by Number Answered
Your Score History
You have not taken this quiz